Suomalaisia jääkiekkoilijoita -Kuvavisa - Statistics

Yleistilastot
  • Tätä visaa on pelattu 482 kertaa
  • Keskiarvotulos 39 / 65
Vastaustilastot
Kuvavisa Vastaus % Oikein
Teemu Selänne
94%
Sebastian Aho
92%
Mikael Granlund
90%
Patrik Laine
90%
Aleksander Barkov
89%
Saku Koivu
87%
Tuukka Rask
87%
Valtteri Filppula
86%
Mikko Rantanen
85%
Olli Jokinen
85%
Antti Raanta
84%
Miro Heiskanen
84%
Jari Kurri
83%
Jere Karalahti
81%
Jussi Jokinen
81%
Roope Hintz
81%
Pekka Rinne
80%
Sami Kapanen
76%
Jere Lehtinen
74%
Anton Lundell
73%
Juuse Saros
73%
Leo Komarov
71%
Joel Armia
69%
Ville Peltonen
69%
Joonas Donskoi
67%
Antti Niemi
66%
Kimmo Timonen
66%
Pentti Lund
66%
Lasse Kukkonen
65%
Olli Määttä
65%
Sami Vatanen
65%
Ville Nieminen
65%
Jarkko Ruutu
64%
Atte Ohtamaa
63%
Timo Jutila
63%
Christian Ruuttu
60%
Kristian Kuusela
59%
Esa Tikkanen
55%
Raimo Helminen
54%
Teppo Numminen
54%
Jussi Olkinuora
50%
Miikka Kiprusoff
49%
Sami Salo
49%
Kari Lehtonen
48%
Sami Lepistö
48%
Niklas Bäckström
47%
Ossi Väänänen
47%
Rasmus Kupari
46%
Reijo Ruotsalainen
44%
Mika Pyörälä
40%
Petteri Nummelin
40%
Tomi Kallio
40%
Jyrki Lumme
37%
Sami Helenius
37%
Janne Niinimaa
33%
Matti Hagman
33%
Esa Pirnes
29%
Veli-Pekka Ketola
28%
Janne Niskala
27%
Jarmo Myllys
27%
Oskar Osala
26%
Raimo Summanen
26%
Toni Lydman
26%
Risto Siltanen
18%
Pekka Rautakallio
17%
Ehtoja vastaavia visoja ei löytynyt
Tulosjakauma
Jokaisen tuloksen saaneiden osuus
Persentiili vastausten määrän mukaan
Tuloshistoriasi
Et ole pelannut tätä visaa